| 000 | 00455cam a2200181ua 4500 | ||
|---|---|---|---|
| 001 | 12196 | ||
| 008 | 200305n ii |||gr||||Z||||||eng | ||
| 020 | _a9789386664174 | ||
| 040 | _cMAIN | ||
| 082 | _a330.01 | ||
| 100 |
_aR K Jain, _eAuthor., |
||
| 245 |
_aFundamentals of macro and micro economics _cBy R K Jain |
||
| 250 |
_a1st ed. / _bV.I. |
||
| 260 |
_aJaipur: _bDND publications, _c2019. |
||
| 300 | _a309p. | ||
| 653 | _aEconomics | ||
| 942 | _cBK | ||
| 999 |
_c10956 _d10956 |
||